| 000 | 00380nam a2200145Ia 4500 | ||
|---|---|---|---|
| 008 | 240624s9999 xx 000 0 und d | ||
| 041 | _aeng | ||
| 082 | _a005.7419 GOR | ||
| 100 | _aGORDON KEITH | ||
| 245 | _aPRINCIPLES OF DATA MANAGEMENT FACILITATI | ||
| 250 | _a(2nd ed.) | ||
| 260 |
_c2014 _aNew Delhi _bViva Books |
||
| 300 | _axxvi, : 249 : p. : cm. ; 24 | ||
| 365 |
_cRS _b33 |
||
| 999 |
_c27458 _d27458 |
||